PHARMACEUTICAL CHEMISTRY-1 FOR D.PHARMA (Record no. 6047)

MARC details
000 -LEADER
fixed length control field 00413nam a22001577a 4500
005 - DATE AND TIME OF LATEST TRANSACTION
control field 20230119121923.0
008 - FIXED-LENGTH DATA ELEMENTS--GENERAL INFORMATION
fixed length control field 200225b xxu||||| |||| 00| 0 eng d
020 ## - INTERNATIONAL STANDARD BOOK NUMBER
ISBN 81-239-0630-7
041 ## - LANGUAGE CODE
Language code of text/sound track or separate title eng
100 ## - MAIN ENTRY--AUTHOR NAME
Personal name BHANDARI.Dr. ANLI AND SINGH, G.K.
245 ## - TITLE STATEMENT
Title PHARMACEUTICAL CHEMISTRY-1 FOR D.PHARMA
260 ## - PUBLICATION, DISTRIBUTION, ETC. (IMPRINT)
Place of publication NEW DELHI
Name of publisher CBS
300 ## - PHYSICAL DESCRIPTION
Number of Pages 148p,
650 ## - SUBJECT ADDED ENTRY--TOPICAL TERM
Topical Term PHARMACY
General subdivision D.PHARMA
942 ## - ADDED ENTRY ELEMENTS (KOHA)
Koha item type Books
Holdings
Lost status Damaged status Collection code Home library Current library Shelving location Date acquired Source of acquisition Cost, normal purchase price Accession Number Koha item type
    PHARMACY JRU Library JRU Library SHELF-18-D 25/02/2020 PURCHESS 325.00 23712 Books
    PHARMACY JRU Library JRU Library SHELF-18-D 25/02/2020 PURCHESS 325.00 23713 Books
    PHARMACY JRU Library JRU Library SHELF-18-D 25/02/2020 PURCHESS 325.00 23714 Books
    PHARMACY JRU Library JRU Library SHELF-18-D 25/02/2020 PURCHESS 325.00 23715 Books
    Reference JRU Library JRU Library SHELF-4-C 25/02/2020 PURCHESS 325.00 23716 Books